[Event "DVM U16w 2024"]
[Site "Neumünster GER"]
[Date "2024.12.27"]
[Round "1"]
[White "Göb, Franziska"]
[Black "Schmidt, Sophie"]
[Result "1/2-1/2"]
[Termination "normal"]
[Board "5.2"]
[WhiteElo "1573"]
[BlackElo "1695"]
[WhiteClock "00:05:29"]
[BlackClock "00:03:05"]
[WhiteTeam "SG Porz"]
[BlackTeam "SV Stuttgart-Wolfbusch 1956"]
[PlyCount "122"]
[WhiteFideId "16293177"]
[BlackFideId "34682503"]
[EventCountry "GER"]
[EventRounds "7"]
[EventType "team-swiss"]
[EventDate "2024.12.26"]

1. e4 {[%clk 01:30:58]} e5 {[%clk 01:30:55]} {[%emt 00:00:06]} 2. Nf3 {[%clk
01:31:25]} {[%emt 00:00:03]} Nc6 {[%clk 01:31:15]} {[%emt 00:00:10]} 3. Bc4
{[%clk 01:31:51]} {[%emt 00:00:04]} Nf6 {[%clk 01:31:21]} {[%emt 00:00:25]} 4.
Ng5 {[%clk 01:32:12]} {[%emt 00:00:07]} d5 {[%clk 01:31:07]} {[%emt 00:00:45]}
5. exd5 {[%clk 01:32:36]} {[%emt 00:00:06]} Na5 {[%clk 01:30:14]} {[%emt
00:01:23]} 6. Bb5+ {[%clk 01:33:00]} {[%emt 00:00:06]} Bd7 {[%clk 01:28:42]}
{[%emt 00:02:03]} 7. Bxd7+ {[%clk 01:13:41]} {[%emt 00:19:48]} Qxd7 {[%clk
01:26:50]} {[%emt 00:02:22]} 8. d3 {[%clk 01:11:20]} {[%emt 00:02:51]} Qxd5
{[%clk 01:22:50]} {[%emt 00:04:30]} 9. O-O {[%clk 01:08:36]} {[%emt 00:03:14]}
Bc5 {[%clk 01:17:51]} {[%emt 00:05:30]} 10. Nc3 {[%clk 01:05:12]} {[%emt
00:03:53]} Qd7 {[%clk 01:15:08]} {[%emt 00:03:12]} 11. Qe2 {[%clk 00:59:01]}
{[%emt 00:06:41]} Nc6 {[%clk 01:10:38]} {[%emt 00:05:01]} 12. Nge4 {[%clk
00:53:04]} {[%emt 00:06:26]} Nxe4 {[%clk 00:55:34]} {[%emt 00:15:35]} 13. Nxe4
{[%clk 00:51:21]} {[%emt 00:02:13]} Bb6 {[%clk 00:52:46]} {[%emt 00:03:18]} 14.
Be3 {[%clk 00:44:20]} {[%emt 00:07:30]} Bxe3 {[%clk 00:49:42]} {[%emt
00:03:35]} 15. fxe3 {[%clk 00:44:22]} {[%emt 00:00:28]} O-O-O {[%clk 00:47:02]}
{[%emt 00:03:10]} 16. Nc5 {[%clk 00:34:54]} {[%emt 00:09:57]} Qe7 {[%clk
00:41:34]} {[%emt 00:05:58]} 17. Qg4+ {[%clk 00:32:15]} {[%emt 00:03:09]} Kb8
{[%clk 00:41:20]} {[%emt 00:00:45]} 18. Ne4 {[%clk 00:29:54]} {[%emt 00:02:50]}
g6 {[%clk 00:39:09]} {[%emt 00:02:41]} 19. Qg5 {[%clk 00:27:44]} {[%emt
00:02:39]} f5 {[%clk 00:37:26]} {[%emt 00:02:15]} 20. Qxe7 {[%clk 00:27:46]}
{[%emt 00:00:28]} Nxe7 {[%clk 00:37:47]} {[%emt 00:00:09]} 21. Ng5 {[%clk
00:27:13]} {[%emt 00:01:03]} Rdf8 {[%clk 00:35:41]} {[%emt 00:02:36]} 22. e4
{[%clk 00:25:28]} {[%emt 00:02:14]} h6 {[%clk 00:29:47]} {[%emt 00:06:25]} 23.
Nf3 {[%clk 00:24:36]} {[%emt 00:01:22]} fxe4 {[%clk 00:28:52]} {[%emt
00:01:26]} 24. Nxe5 {[%clk 00:24:26]} {[%emt 00:00:39]} Rf5 {[%clk 00:25:40]}
{[%emt 00:03:42]} 25. Rxf5 {[%clk 00:23:07]} {[%emt 00:01:49]} gxf5 {[%clk
00:26:00]} {[%emt 00:00:10]} 26. dxe4 {[%clk 00:22:58]} {[%emt 00:00:39]} fxe4
{[%clk 00:25:27]} {[%emt 00:01:04]} 27. Re1 {[%clk 00:23:03]} {[%emt 00:00:24]}
Rd8 {[%clk 00:22:09]} {[%emt 00:03:32]} 28. Rxe4 {[%clk 00:20:38]} {[%emt
00:03:11]} Rd1+ {[%clk 00:19:53]} {[%emt 00:02:46]} 29. Kf2 {[%clk 00:20:47]}
{[%emt 00:00:20]} Rd2+ {[%clk 00:20:15]} {[%emt 00:00:08]} 30. Re2 {[%clk
00:20:58]} {[%emt 00:00:19]} Rxe2+ {[%clk 00:19:06]} {[%emt 00:01:40]} 31. Kxe2
{[%clk 00:21:21]} {[%emt 00:00:07]} Kc8 {[%clk 00:19:30]} {[%emt 00:00:06]} 32.
Nf7 {[%clk 00:21:25]} {[%emt 00:00:24]} Ng8 {[%clk 00:19:42]} {[%emt 00:00:19]}
33. Kf3 {[%clk 00:21:34]} {[%emt 00:00:20]} Kd7 {[%emt 00:00:53]} 34. Kf4
{[%clk 00:21:35]} {[%emt 00:00:04]} Ke7 {[%clk 00:19:27]} {[%emt 00:00:49]} 35.
Ne5 {[%clk 00:21:40]} {[%emt 00:00:24]} Ke6 {[%clk 00:19:22]} {[%emt 00:00:36]}
36. Nd3 {[%clk 00:21:08]} {[%emt 00:01:01]} Kf6 {[%clk 00:15:50]} {[%emt
00:04:03]} 37. Nc5 {[%clk 00:20:34]} {[%emt 00:01:03]} b6 {[%clk 00:15:51]}
{[%emt 00:00:30]} 38. Ne4+ {[%clk 00:20:42]} {[%emt 00:00:21]} Ke6 {[%clk
00:15:55]} {[%emt 00:00:26]} 39. g4 {[%clk 00:20:46]} {[%emt 00:00:26]} Kf7
{[%clk 00:12:31]} {[%emt 00:03:54]} 40. h4 {[%clk 00:18:32]} {[%emt 00:02:43]}
Ne7 {[%clk 00:11:13]} {[%emt 00:01:50]} 41. g5 {[%clk 00:04:28]} {[%emt
00:14:33]} h5 {[%clk 00:00:43]} {[%emt 00:11:01]} 42. Nf6 {[%clk 00:27:34]}
{[%emt 00:07:23]} Kg6 {[%clk 00:29:00]} {[%emt 00:02:12]} 43. c3 {[%clk
00:26:02]} {[%emt 00:02:03]} b5 {[%clk 00:19:24]} {[%emt 00:10:07]} 44. Nd7
{[%clk 00:18:07]} {[%emt 00:08:23]} a5 {[%clk 00:14:22]} {[%emt 00:05:34]} 45.
Ne5+ {[%clk 00:17:28]} {[%emt 00:01:07]} Kg7 {[%clk 00:13:16]} {[%emt
00:01:37]} 46. Ke4 {[%clk 00:17:13]} {[%emt 00:00:45]} c5 {[%clk 00:08:03]}
{[%emt 00:05:45]} 47. Nf3 {[%clk 00:13:35]} {[%emt 00:04:06]} Kg6 {[%clk
00:05:31]} {[%emt 00:03:03]} 48. Ke5 {[%clk 00:12:57]} {[%emt 00:01:07]} c4
{[%clk 00:04:03]} {[%emt 00:01:59]} 49. Kd6 {[%clk 00:11:31]} {[%emt 00:01:54]}
Nf5+ {[%clk 00:04:05]} {[%emt 00:00:29]} 50. Kc5 {[%clk 00:11:27]} {[%emt
00:00:33]} Nxh4 {[%clk 00:03:07]} {[%emt 00:01:30]} 51. Nxh4+ {[%clk 00:11:37]}
{[%emt 00:00:19]} Kxg5 {[%clk 00:03:29]} {[%emt 00:00:08]} 52. Ng2 {[%clk
00:11:16]} {[%emt 00:00:50]} Kg4 {[%clk 00:03:11]} {[%emt 00:00:49]} 53. Kxb5
{[%clk 00:10:54]} {[%emt 00:00:53]} Kg3 {[%clk 00:03:15]} {[%emt 00:00:26]} 54.
Ne3 {[%clk 00:11:00]} {[%emt 00:00:23]} Kf3 {[%clk 00:02:59]} {[%emt 00:00:46]}
55. Nf5 {[%clk 00:10:12]} {[%emt 00:01:18]} Kf4 {[%clk 00:03:05]} {[%emt
00:00:24]} 56. Nh4 {[%clk 00:10:14]} {[%emt 00:00:25]} Kg4 {[%emt 00:05:06]}
57. Ng6 {[%clk 00:05:29]} {[%emt 00:00:23]} Kg5 {[%emt 00:01:25]} 58. Ne5 Kf4
59. Ng6+ Kg5 60. Ne5 Kf4 61. Ng6+ Kg5 1/2-1/2

[Event "DVM U16w 2024"]
[Site "Neumünster GER"]
[Date "2024.12.27"]
[Round "1"]
[White "Schmidt, Emelie"]
[Black "Siegel, Irene"]
[Result "0-1"]
[Termination "normal"]
[Board "5.3"]
[WhiteElo "1545"]
[BlackElo "1612"]
[WhiteClock "00:07:42"]
[BlackClock "00:01:43"]
[WhiteTeam "SV Stuttgart-Wolfbusch 1956"]
[BlackTeam "SG Porz"]
[PlyCount "86"]
[WhiteFideId "34682490"]
[BlackFideId "16284380"]
[EventCountry "GER"]
[EventRounds "7"]
[EventType "team-swiss"]
[EventDate "2024.12.26"]

1. d4 {[%clk 01:30:58]} {[%emt 00:00:01]} Nf6 {[%clk 01:30:49]} {[%emt
00:00:11]} 2. Bf4 {[%clk 01:31:16]} {[%emt 00:00:12]} e6 {[%clk 01:30:59]}
{[%emt 00:00:20]} 3. e3 {[%clk 01:31:28]} {[%emt 00:00:18]} c5 {[%clk
01:31:10]} {[%emt 00:00:19]} 4. Nf3 {[%clk 01:30:16]} {[%emt 00:01:42]} Nc6
{[%clk 01:31:29]} {[%emt 00:00:11]} 5. Be2 {[%clk 01:28:00]} {[%emt 00:02:46]}
Be7 {[%clk 01:30:07]} {[%emt 00:01:53]} 6. O-O {[%clk 01:27:30]} {[%emt
00:01:00]} Nh5 {[%clk 01:30:08]} {[%emt 00:00:28]} 7. Bg3 {[%clk 01:23:56]}
{[%emt 00:04:04]} Nxg3 {[%clk 01:30:25]} {[%emt 00:00:14]} 8. hxg3 {[%clk
01:24:20]} {[%emt 00:00:06]} O-O {[%clk 01:29:14]} {[%emt 00:01:41]} 9. c4
{[%clk 01:18:03]} {[%emt 00:06:47]} Bf6 {[%clk 01:23:20]} {[%emt 00:06:23]} 10.
Nc3 {[%clk 01:08:30]} {[%emt 00:10:03]} b6 {[%clk 01:20:49]} {[%emt 00:03:01]}
11. Rc1 {[%clk 01:05:13]} {[%emt 00:03:48]} d6 {[%clk 01:12:54]} {[%emt
00:08:25]} 12. Qd2 {[%clk 00:56:20]} {[%emt 00:09:23]} Bb7 {[%clk 01:10:43]}
{[%emt 00:02:41]} 13. Rfd1 {[%clk 00:53:46]} {[%emt 00:03:04]} Ne7 {[%clk
00:55:43]} {[%emt 00:15:30]} 14. Nb5 {[%clk 00:46:12]} {[%emt 00:08:04]} a6
{[%clk 00:54:46]} {[%emt 00:01:27]} 15. Nc3 {[%clk 00:44:36]} {[%emt 00:02:05]}
Qc7 {[%clk 00:50:05]} {[%emt 00:05:11]} 16. a3 {[%clk 00:42:22]} {[%emt
00:02:45]} Rad8 {[%clk 00:43:25]} {[%emt 00:07:09]} 17. b4 {[%clk 00:40:35]}
{[%emt 00:02:18]} h6 {[%clk 00:36:31]} {[%emt 00:07:24]} 18. Qc2 {[%clk
00:37:33]} {[%emt 00:03:31]} Bxf3 {[%clk 00:25:49]} {[%emt 00:11:12]} 19. Bxf3
{[%clk 00:37:30]} {[%emt 00:00:33]} cxd4 {[%clk 00:25:03]} {[%emt 00:01:17]}
20. exd4 {[%clk 00:34:00]} {[%emt 00:04:00]} Bg5 {[%clk 00:25:17]} {[%emt
00:00:16]} 21. Rb1 {[%clk 00:33:31]} {[%emt 00:00:59]} Qxc4 {[%clk 00:25:07]}
{[%emt 00:00:39]} 22. Be2 {[%clk 00:32:14]} {[%emt 00:01:47]} Qc8 {[%clk
00:25:21]} {[%emt 00:00:17]} 23. Qd3 {[%clk 00:31:48]} {[%emt 00:00:55]} d5
{[%clk 00:24:05]} {[%emt 00:01:45]} 24. Na4 {[%clk 00:30:36]} {[%emt 00:01:43]}
b5 {[%clk 00:22:22]} {[%emt 00:02:13]} 25. Nc5 {[%clk 00:30:37]} {[%emt
00:00:29]} Nc6 {[%clk 00:20:10]} {[%emt 00:02:43]} 26. Rb2 {[%clk 00:29:12]}
{[%emt 00:01:55]} Bf6 {[%clk 00:19:59]} {[%emt 00:00:40]} 27. Nb3 {[%clk
00:29:13]} {[%emt 00:00:30]} e5 {[%clk 00:19:03]} {[%emt 00:01:26]} 28. Rc2
{[%clk 00:27:07]} {[%emt 00:02:36]} Qa8 {[%clk 00:19:01]} {[%emt 00:00:32]} 29.
dxe5 {[%clk 00:26:19]} {[%emt 00:01:18]} Nxe5 {[%clk 00:19:07]} {[%emt
00:00:23]} 30. Qf5 {[%clk 00:25:13]} {[%emt 00:01:36]} Qa7 {[%clk 00:16:02]}
{[%emt 00:03:27]} 31. Nc5 {[%clk 00:23:52]} {[%emt 00:01:59]} d4 {[%clk
00:11:15]} {[%emt 00:05:17]} 32. Rcd2 {[%clk 00:21:34]} {[%emt 00:02:48]} Nc4
{[%clk 00:07:28]} {[%emt 00:04:17]} 33. Ra2 {[%clk 00:20:35]} {[%emt 00:01:29]}
Rfe8 {[%clk 00:05:13]} {[%emt 00:02:46]} 34. Bd3 {[%clk 00:20:04]} {[%emt
00:01:00]} Re5 {[%emt 00:02:10]} 35. Qf4 {[%clk 00:15:09]} {[%emt 00:05:00]} a5
{[%clk 00:03:33]} {[%emt 00:00:55]} 36. Raa1 {[%clk 00:14:10]} {[%emt
00:01:30]} Nb2 {[%clk 00:03:27]} {[%emt 00:00:35]} 37. Rdc1 {[%clk 00:13:17]}
{[%emt 00:01:23]} Nxd3 {[%clk 00:03:14]} {[%emt 00:00:44]} 38. Nxd3 {[%clk
00:13:38]} {[%emt 00:00:08]} Re7 {[%clk 00:03:34]} {[%emt 00:00:10]} 39. Qf5
{[%clk 00:12:17]} {[%emt 00:01:50]} axb4 {[%clk 00:02:36]} {[%emt 00:01:29]}
40. Rc8 {[%clk 00:10:41]} {[%emt 00:02:05]} Ree8 {[%clk 00:02:33]} {[%emt
00:00:34]} 41. Rxd8 {[%clk 00:08:08]} {[%emt 00:03:03]} Rxd8 {[%clk 00:02:57]}
{[%emt 00:00:06]} 42. Nxb4 {[%clk 00:07:38]} {[%emt 00:01:00]} Qd7 {[%clk
00:01:43]} {[%emt 00:01:43]} 43. Nd3 {[%clk 00:07:42]} {[%emt 00:00:26]} Qxf5
{[%emt 00:00:31]} 0-1

[Event "DVM U16w 2024"]
[Site "Neumünster GER"]
[Date "2024.12.27"]
[Round "1"]
[White "Daaboul, Shaimaa"]
[Black "Schmidt, Neele"]
[Result "1-0"]
[Termination "normal"]
[Board "5.4"]
[WhiteElo "1143"]
[BlackElo "927"]
[WhiteClock "00:51:30"]
[BlackClock "00:21:14"]
[WhiteTeam "SG Porz"]
[BlackTeam "SV Stuttgart-Wolfbusch 1956"]
[PlyCount "93"]
[WhiteFideId "34640215"]
[EventCountry "GER"]
[EventRounds "7"]
[EventType "team-swiss"]
[EventDate "2024.12.26"]

1. d4 {[%clk 01:30:58]} {[%emt 00:00:01]} d5 {[%clk 01:30:46]} {[%emt
00:00:14]} 2. Nc3 {[%clk 01:31:22]} {[%emt 00:00:07]} Nf6 {[%clk 01:30:52]}
{[%emt 00:00:23]} 3. Bf4 {[%clk 01:31:40]} {[%emt 00:00:11]} Bf5 {[%clk
01:30:30]} {[%emt 00:00:53]} 4. f3 {[%clk 01:31:31]} {[%emt 00:00:39]} h5
{[%clk 01:29:34]} {[%emt 00:01:26]} 5. e3 {[%clk 01:31:36]} {[%emt 00:00:25]}
Nfd7 {[%clk 01:26:15]} {[%emt 00:03:49]} 6. Nxd5 {[%clk 01:30:41]} {[%emt
00:01:26]} e6 {[%clk 01:23:55]} {[%emt 00:02:49]} 7. Nxc7+ {[%clk 01:30:26]}
{[%emt 00:00:45]} Ke7 {[%clk 01:22:54]} {[%emt 00:01:31]} 8. Nxa8 {[%clk
01:30:08]} {[%emt 00:00:49]} Ke8 {[%clk 01:18:00]} {[%emt 00:05:23]} 9. Nc7+
{[%clk 01:29:23]} {[%emt 00:01:15]} Ke7 {[%clk 01:15:59]} {[%emt 00:02:31]} 10.
d5 {[%clk 01:28:50]} {[%emt 00:01:03]} e5 {[%clk 01:12:26]} {[%emt 00:04:04]}
11. d6+ {[%clk 01:28:08]} {[%emt 00:01:11]} Kf6 {[%clk 01:09:48]} {[%emt
00:03:08]} 12. Bg3 {[%clk 01:24:42]} {[%emt 00:03:56]} g5 {[%clk 01:04:23]}
{[%emt 00:05:55]} 13. h4 {[%clk 01:23:11]} {[%emt 00:02:01]} Bh6 {[%clk
01:00:44]} {[%emt 00:04:09]} 14. f4 {[%clk 01:20:57]} {[%emt 00:02:45]} exf4
{[%clk 00:58:33]} {[%emt 00:02:41]} 15. Qd4+ {[%clk 01:19:47]} {[%emt
00:01:39]} Kg6 {[%clk 00:55:00]} {[%emt 00:04:04]} 16. hxg5 {[%clk 01:17:02]}
{[%emt 00:03:15]} Bxg5 {[%clk 00:53:45]} {[%emt 00:01:44]} 17. exf4 {[%clk
01:12:07]} {[%emt 00:05:26]} Bf6 {[%clk 00:52:10]} {[%emt 00:02:04]} 18. Qd5
{[%clk 01:08:49]} {[%emt 00:03:45]} h4 {[%clk 00:45:59]} {[%emt 00:06:44]} 19.
Bc4 {[%clk 01:05:04]} {[%emt 00:04:15]} Qf8 {[%clk 00:42:54]} {[%emt 00:03:34]}
20. Bf2 {[%clk 01:00:22]} {[%emt 00:05:11]} Be6 {[%clk 00:38:29]} {[%emt
00:04:57]} 21. Bd3+ {[%clk 00:57:48]} {[%emt 00:03:01]} Kg7 {[%clk 00:36:17]}
{[%emt 00:02:44]} 22. Qxe6 {[%clk 00:55:04]} {[%emt 00:03:16]} fxe6 {[%clk
00:32:17]} {[%emt 00:04:30]} 23. Nxe6+ {[%clk 00:55:22]} {[%emt 00:00:12]} Kf7
{[%clk 00:31:30]} {[%emt 00:01:16]} 24. Nxf8 {[%clk 00:55:38]} {[%emt
00:00:14]} Rxf8 {[%clk 00:31:05]} {[%emt 00:00:55]} 25. O-O-O {[%clk 00:55:28]}
{[%emt 00:00:40]} Re8 {[%clk 00:28:52]} {[%emt 00:02:43]} 26. Bxh4 {[%clk
00:55:10]} {[%emt 00:00:48]} Bxh4 {[%clk 00:28:09]} {[%emt 00:01:13]} 27. Rxh4
{[%clk 00:55:32]} {[%emt 00:00:08]} Kf6 {[%clk 00:26:47]} {[%emt 00:01:52]} 28.
Rh6+ {[%clk 00:55:04]} {[%emt 00:00:58]} Kg7 {[%clk 00:26:35]} {[%emt
00:00:43]} 29. Rg6+ {[%clk 00:55:09]} {[%emt 00:00:23]} Kf7 {[%clk 00:26:14]}
{[%emt 00:00:51]} 30. Nf3 {[%clk 00:54:56]} {[%emt 00:00:43]} Nc6 {[%clk
00:26:00]} {[%emt 00:00:44]} 31. Bf5 {[%clk 00:54:23]} {[%emt 00:01:01]} Nf8
{[%clk 00:25:52]} {[%emt 00:00:41]} 32. Rh6 {[%clk 00:53:10]} {[%emt 00:01:42]}
Kg7 {[%clk 00:25:24]} {[%emt 00:00:59]} 33. Rhh1 {[%clk 00:52:47]} {[%emt
00:00:51]} Kf6 {[%clk 00:25:05]} {[%emt 00:00:52]} 34. Rhe1 {[%clk 00:52:03]}
{[%emt 00:01:13]} Rxe1 {[%clk 00:24:49]} {[%emt 00:00:46]} 35. Rxe1 {[%clk
00:52:11]} {[%emt 00:00:22]} Kxf5 {[%clk 00:24:54]} {[%emt 00:00:25]} 36. g3
{[%clk 00:52:10]} {[%emt 00:00:30]} Kg4 {[%clk 00:25:03]} {[%emt 00:00:22]} 37.
Ne5+ {[%clk 00:52:01]} {[%emt 00:00:39]} Nxe5 {[%clk 00:24:18]} {[%emt
00:01:15]} 38. fxe5 {[%clk 00:52:24]} {[%emt 00:00:08]} Kf5 {[%clk 00:23:10]}
{[%emt 00:01:37]} 39. g4+ {[%clk 00:52:32]} {[%emt 00:00:22]} Kxg4 {[%clk
00:22:05]} {[%emt 00:01:36]} 40. e6 {[%clk 00:52:52]} {[%emt 00:00:10]} Nxe6
{[%clk 00:20:49]} {[%emt 00:01:45]} 41. Rxe6 {[%clk 00:53:13]} {[%emt
00:00:09]} Kf5 {[%clk 00:20:40]} {[%emt 00:00:39]} 42. Re1 {[%clk 00:53:01]}
{[%emt 00:00:42]} Kf6 {[%clk 00:20:38]} {[%emt 00:00:33]} 43. d7 {[%clk
00:50:29]} {[%emt 00:03:02]} Kf5 {[%clk 00:20:44]} {[%emt 00:00:24]} 44. d8=Q
{[%clk 00:50:51]} {[%emt 00:00:07]} Kf4 {[%clk 00:20:43]} {[%emt 00:00:31]} 45.
Qf8+ {[%clk 00:51:14]} {[%emt 00:00:06]} Kg4 {[%clk 00:21:02]} {[%emt
00:00:12]} 46. Rg1+ {[%clk 00:51:30]} {[%emt 00:00:11]} Kh5 {[%clk 00:21:14]}
{[%emt 00:00:22]} 47. Qh8# {[%emt 00:00:33]} 1-0

[Event "DVM U16w 2024"]
[Site "Neumünster GER"]
[Date "2024.12.27"]
[Round "1"]
[White "Averkova, Mariia"]
[Black "Huber, Laura"]
[Result "1/2-1/2"]
[Termination "normal"]
[Board "6.1"]
[WhiteElo "1765"]
[BlackElo "1679"]
[WhiteClock "00:10:58"]
[BlackClock "00:07:35"]
[WhiteTeam "FC Bayern München"]
[BlackTeam "FC Bayern München 2"]
[PlyCount "50"]
[WhiteFideId "34651470"]
[BlackFideId "16270940"]
[EventCountry "GER"]
[EventRounds "7"]
[EventType "team-swiss"]
[EventDate "2024.12.26"]

1. c4 {[%clk 01:30:56]} {[%emt 00:00:04]} e5 {[%clk 01:30:49]} {[%emt
00:00:12]} 2. Nc3 {[%clk 01:31:19]} {[%emt 00:00:06]} Nc6 {[%clk 01:30:30]}
{[%emt 00:00:50]} 3. g3 {[%clk 01:31:36]} {[%emt 00:00:13]} g6 {[%clk
01:27:30]} {[%emt 00:03:30]} 4. Bg2 {[%clk 01:29:37]} {[%emt 00:02:28]} Bg7
{[%clk 01:26:28]} {[%emt 00:01:33]} 5. e3 {[%clk 01:27:57]} {[%emt 00:02:09]}
d6 {[%clk 01:17:28]} {[%emt 00:09:31]} 6. Nge2 {[%clk 01:27:06]} {[%emt
00:01:20]} f5 {[%clk 01:10:51]} {[%emt 00:07:08]} 7. d3 {[%clk 01:21:37]}
{[%emt 00:05:58]} Nge7 {[%clk 01:06:31]} {[%emt 00:04:51]} 8. O-O {[%clk
01:19:00]} {[%emt 00:03:07]} O-O {[%clk 01:05:51]} {[%emt 00:01:10]} 9. Rb1
{[%clk 01:14:39]} {[%emt 00:04:51]} Rb8 {[%clk 00:48:08]} {[%emt 00:18:13]} 10.
b4 {[%clk 01:08:48]} {[%emt 00:06:20]} b6 {[%clk 00:45:52]} {[%emt 00:02:46]}
11. Nd5 {[%clk 00:53:04]} {[%emt 00:16:14]} Kh8 {[%clk 00:40:22]} {[%emt
00:06:01]} 12. Nec3 {[%clk 00:49:22]} {[%emt 00:04:12]} Bb7 {[%clk 00:37:47]}
{[%emt 00:03:06]} 13. Qc2 {[%clk 00:43:59]} {[%emt 00:05:51]} Nxd5 {[%clk
00:36:01]} {[%emt 00:02:17]} 14. Nxd5 {[%clk 00:39:25]} {[%emt 00:05:03]} Ne7
{[%clk 00:33:34]} {[%emt 00:02:58]} 15. Nxe7 {[%clk 00:33:26]} {[%emt
00:06:29]} Qxe7 {[%clk 00:33:35]} {[%emt 00:00:29]} 16. Bb2 {[%clk 00:27:48]}
{[%emt 00:06:08]} Bxg2 {[%clk 00:27:50]} {[%emt 00:06:14]} 17. Kxg2 {[%clk
00:28:09]} {[%emt 00:00:09]} f4 {[%clk 00:24:24]} {[%emt 00:03:57]} 18. exf4
{[%clk 00:23:48]} {[%emt 00:04:49]} exf4 {[%clk 00:23:11]} {[%emt 00:01:45]}
19. Bxg7+ {[%clk 00:22:00]} {[%emt 00:02:17]} Kxg7 {[%clk 00:22:29]} {[%emt
00:01:13]} 20. f3 {[%clk 00:20:09]} {[%emt 00:02:20]} fxg3 {[%clk 00:19:17]}
{[%emt 00:03:43]} 21. hxg3 {[%clk 00:20:01]} {[%emt 00:00:37]} Rbe8 {[%clk
00:16:27]} {[%emt 00:03:20]} 22. Rbe1 {[%clk 00:16:28]} {[%emt 00:04:03]} Qf6
{[%clk 00:13:14]} {[%emt 00:03:44]} 23. Qd2 {[%clk 00:13:08]} {[%emt 00:03:50]}
Rxe1 {[%clk 00:09:32]} {[%emt 00:04:11]} 24. Qxe1 {[%clk 00:13:24]} {[%emt
00:00:13]} Qd4 {[%clk 00:08:59]} {[%emt 00:01:04]} 25. Qe2 {[%clk 00:10:58]}
{[%emt 00:02:56]} c5 {[%clk 00:07:35]} {[%emt 00:01:54]} 1/2-1/2